000 00808nas a2200277 4500
001 BR9800958
003 BR-BrBNA
005 20231205100905.0
007 ta
008 230509b bl.|||p| |||| 00| 00por d
040 _aBR-BrBNA
_bpor
_cBiblioteca Nacional de Agricultura
041 _a(Pt)
072 _aF60
100 1 _aPedo, I.
100 1 _aSgarbieri, V.C.
245 1 _aCaracterizacao quimica de cultivares de aveia (Avena sativa L.)
650 _aAveia
650 _aComposicao Quimica
650 _aBioquimica Vegetal
650 _aVariedade
650 _aAcido Graxo
650 _aAminoacido
773 0 _tCiencia e Tecnologia de Alimentos (Brazil)
_xISSN 0101-2061
_g(May-Aug 1997), v. 17(2) p. 78-83
_wBR9800958
909 _a202311
_bLúcia
_c55
_dLúcia Elande
942 _2AGRIS
_n0
_cANA
999 _c158646
_d158646